02920nam a22002297a 4500003001700000005001700017008004100034020001800075040000700093041001200100082001700112100002400129245001500153260002600168300002500194365006200219520218300281650004302464942001202507999001902519952015202538St Aloysius Coll20260122151815.0260119b |||||||| |||| 00| 0 eng d a9781787474413 cAL aEnglish a823.92bOLEF aBeth Oleary9251761 aFlat share aLondonbQuercusc2020 a394p.bPBc19.5x13cm 2Generala5468b₹559.00c₹d₹699.00e20%f10/01/2026 aPRE- ORDER BETH O'LEARY'S BRAND NEW UNMISSABLE ROMANCE, THE NAME GAME, NOW* 'Beth O'Leary is that rare, one-in-a-million talent who can make you laugh, swoon, cry and ache all in the same book' Emily Henry 'Beth O'Leary crafts novels with such wit, heart and truth' Sophie Kinsella Tiffy and Leon share a flat Tiffy and Leon share a bed Tiffy and Leon have never met... Tiffy Moore needs a cheap flat, and fast. Leon Twomey works nights and needs cash. Their friends think they're crazy, but it's the perfect solution: Leon occupies the one-bed flat while Tiffy's at work in the day, and she has the run of the place the rest of the time. But with obsessive ex-boyfriends, demanding clients at work, wrongly imprisoned brothers and, of course, the fact that they still haven't met yet, they're about to discover that if you want the perfect home you need to throw the rulebook out the window... THE SUNDAY TIMES TOP FIVE BESTSELLER | NOW A MAJOR TV SERIES See what everyone is saying about The Flatshare 'A Sleepless In Seattle for the 21st century' Sunday Express 'I devoured The Flatshare. Original, funny and touching. Read it' Clare Mackintosh 'If Richard Curtis and Nora Ephron made a story baby' Zoella Book Club 'One of the most talked about books of 2019... Fans of Jojo Moyes's Me Before You will love this UpLit romcom' Red Magazine 'It's fiction to make you feel good - endlessly enjoyable and brilliant fun' Daily Express 'In the league of Bridget Jones and Marian Keyes' Walsh sister books' Claire Allan 'Funny, emotional and uplifting' Sun 'A quirky, feelgood read, bursting with character and warmth' Prima 'The Flatshare is a huge, heartwarming triumph' Josie Silver 'Uproariously funny with characters you fall for from the first page' Woman & Home 'Deliciously funny and truly uplifting' Lucy Diamond 'Touching, funny and skillful, a delightful read' Katie Fforde 'It's funny and charming but there are moments of real poignancy, too. Guaranteed to leave you with a smile on your face' Good Housekeeping 'Heartwarming and brilliant' Closer 'Funny and winning... a Richard Curtis rom com that also has its feet firmly planted in real life. A real treat' Stylist 2LiteratureaEnglish Literature9251762 2ddccBK c240794d240794 00102ddc40708MAENGaSACPGbSACPGd2026-01-14eBiblios Book Pointg559.00l0o823.92 OLEFpPG025168r2026-01-19 19:31:28v699.00w0000-00-00yBK